000 00980nam a2200277Ia 4500
003 OSt
005 20221005111553.0
006 a|||||r|||| 00| 0
007 ta
008 221004b |||||||| |||| 00| 0 hin d
020 _a8172013485 (pbk)
_cIndian Rupees 75
024 _a41022
037 _bGift, 08/01/2019,
_cTextual
040 _aCRL
_cCRL
_bhin
041 _2hin
_ahin
082 _aQ1:24:g, 152Q0.1
100 _aराघवन्, वे., संपा.
245 0 _aसुभाषित संग्रह
246 _aSubhāṣhit sangraha
260 _aनई दिल्ली
_bसाहित्य अकादेमी भारत
_c2010
300 _a192पृ0
_ccm.
490 _vभाग 1
_aसाहित्य रत्नकोश
650 _aहिन्दू धर्म
942 _hQ1:24:g, 152Q0.1
_cTEXL
_2cc
999 _c1022200
_d1022200